<?xml version="1.0" encoding="UTF-8"?>
<record
    xmlns:xsi="http://www.w3.org/2001/XMLSchema-instance"
    xsi:schemaLocation="http://www.loc.gov/MARC21/slim http://www.loc.gov/standards/marcxml/schema/MARC21slim.xsd"
    xmlns="http://www.loc.gov/MARC21/slim">

  <leader>00765nam a2200253 i 4500</leader>
  <controlfield tag="001">C2-0338800</controlfield>
  <controlfield tag="003">PPAK</controlfield>
  <controlfield tag="005">20180728141045.0</controlfield>
  <controlfield tag="008">161123s2015    my a|||| |||||  |   may d</controlfield>
  <datafield tag="020" ind1=" " ind2=" ">
    <subfield code="a">9789673882076</subfield>
  </datafield>
  <datafield tag="040" ind1=" " ind2=" ">
    <subfield code="a">PPAK</subfield>
    <subfield code="b">eng</subfield>
    <subfield code="c">PPAK</subfield>
    <subfield code="e">rda</subfield>
  </datafield>
  <datafield tag="082" ind1="0" ind2="4">
    <subfield code="a">297.382</subfield>
    <subfield code="2">23</subfield>
  </datafield>
  <datafield tag="090" ind1="0" ind2="0">
    <subfield code="a">297.382</subfield>
    <subfield code="b">MOH</subfield>
    <subfield code="d">G</subfield>
  </datafield>
  <datafield tag="100" ind1="0" ind2=" ">
    <subfield code="a">Mohammad Yusri Yubhi Md. Yusof, </subfield>
    <subfield code="e">author</subfield>
  </datafield>
  <datafield tag="245" ind1="1" ind2="0">
    <subfield code="a">Seindah solat Nabi</subfield>
  </datafield>
  <datafield tag="264" ind1=" " ind2="1">
    <subfield code="a">Kuala Lumpur : </subfield>
    <subfield code="b">Telaga Biru Sdn. Bhd. , </subfield>
    <subfield code="c">2015</subfield>
  </datafield>
  <datafield tag="300" ind1=" " ind2=" ">
    <subfield code="a">xviii, 234 pages : </subfield>
    <subfield code="b">colour illustrations ; </subfield>
    <subfield code="c">21 cm</subfield>
  </datafield>
  <datafield tag="336" ind1=" " ind2=" ">
    <subfield code="2">rdacontent</subfield>
    <subfield code="a">text</subfield>
  </datafield>
  <datafield tag="337" ind1=" " ind2=" ">
    <subfield code="2">rdamedia</subfield>
    <subfield code="a">unmediated</subfield>
  </datafield>
  <datafield tag="338" ind1=" " ind2=" ">
    <subfield code="2">rdacarrier</subfield>
    <subfield code="a">volume</subfield>
  </datafield>
  <datafield tag="500" ind1=" " ind2=" ">
    <subfield code="a">Includes bibliographical references pages 231-234.</subfield>
  </datafield>
  <datafield tag="650" ind1="1" ind2="0">
    <subfield code="a">Salat. ; Prayer - Islam.</subfield>
  </datafield>
  <datafield tag="942" ind1=" " ind2=" ">
    <subfield code="d">dc</subfield>
    <subfield code="c">B</subfield>
  </datafield>
  <datafield tag="999" ind1=" " ind2=" ">
    <subfield code="c">136093</subfield>
    <subfield code="d">136093</subfield>
  </datafield>
  <datafield tag="952" ind1=" " ind2=" ">
    <subfield code="0">0</subfield>
    <subfield code="7">0</subfield>
    <subfield code="b">PPAK</subfield>
    <subfield code="c">G</subfield>
    <subfield code="d">2016-12-05</subfield>
    <subfield code="l">2</subfield>
    <subfield code="m">2</subfield>
    <subfield code="o">297.382 MOH</subfield>
    <subfield code="p">A01501475</subfield>
    <subfield code="r">2018-11-28 00:00:00</subfield>
    <subfield code="s">2018-11-08</subfield>
    <subfield code="y">B</subfield>
  </datafield>
  <datafield tag="952" ind1=" " ind2=" ">
    <subfield code="0">0</subfield>
    <subfield code="7">0</subfield>
    <subfield code="b">SP</subfield>
    <subfield code="c">G</subfield>
    <subfield code="d">2016-12-05</subfield>
    <subfield code="l">2</subfield>
    <subfield code="o">297.382 MOH</subfield>
    <subfield code="p">A01501468</subfield>
    <subfield code="r">2025-02-19 13:11:54</subfield>
    <subfield code="s">2025-02-03</subfield>
    <subfield code="y">B</subfield>
  </datafield>
  <datafield tag="952" ind1=" " ind2=" ">
    <subfield code="0">0</subfield>
    <subfield code="7">0</subfield>
    <subfield code="b">JT</subfield>
    <subfield code="c">G</subfield>
    <subfield code="d">2016-12-05</subfield>
    <subfield code="o">297.382 MOH</subfield>
    <subfield code="p">A01501469</subfield>
    <subfield code="r">2018-05-09 00:00:00</subfield>
    <subfield code="y">B</subfield>
  </datafield>
  <datafield tag="952" ind1=" " ind2=" ">
    <subfield code="0">0</subfield>
    <subfield code="7">0</subfield>
    <subfield code="b">KM</subfield>
    <subfield code="c">G</subfield>
    <subfield code="d">2016-12-05</subfield>
    <subfield code="l">6</subfield>
    <subfield code="o">297.382 MOH</subfield>
    <subfield code="p">A01501470</subfield>
    <subfield code="r">2020-08-16 00:00:00</subfield>
    <subfield code="s">2020-07-26</subfield>
    <subfield code="y">B</subfield>
  </datafield>
  <datafield tag="952" ind1=" " ind2=" ">
    <subfield code="0">0</subfield>
    <subfield code="7">0</subfield>
    <subfield code="b">BL</subfield>
    <subfield code="c">G</subfield>
    <subfield code="d">2016-12-05</subfield>
    <subfield code="l">2</subfield>
    <subfield code="m">1</subfield>
    <subfield code="o">297.382 MOH</subfield>
    <subfield code="p">A01501471</subfield>
    <subfield code="r">2019-03-04 00:00:00</subfield>
    <subfield code="s">2019-03-02</subfield>
    <subfield code="y">B</subfield>
  </datafield>
  <datafield tag="952" ind1=" " ind2=" ">
    <subfield code="0">0</subfield>
    <subfield code="7">0</subfield>
    <subfield code="b">YN</subfield>
    <subfield code="c">G</subfield>
    <subfield code="d">2016-12-05</subfield>
    <subfield code="o">297.382 MOH</subfield>
    <subfield code="p">A01501472</subfield>
    <subfield code="r">2018-05-09 00:00:00</subfield>
    <subfield code="y">B</subfield>
  </datafield>
  <datafield tag="952" ind1=" " ind2=" ">
    <subfield code="0">0</subfield>
    <subfield code="7">0</subfield>
    <subfield code="b">LW</subfield>
    <subfield code="c">G</subfield>
    <subfield code="d">2016-12-05</subfield>
    <subfield code="l">4</subfield>
    <subfield code="m">1</subfield>
    <subfield code="o">297.382 MOH</subfield>
    <subfield code="p">A01501473</subfield>
    <subfield code="r">2024-10-01 10:04:16</subfield>
    <subfield code="s">2024-09-10</subfield>
    <subfield code="y">B</subfield>
  </datafield>
  <datafield tag="952" ind1=" " ind2=" ">
    <subfield code="0">0</subfield>
    <subfield code="7">0</subfield>
    <subfield code="b">BB</subfield>
    <subfield code="c">G</subfield>
    <subfield code="d">2016-12-05</subfield>
    <subfield code="o">297.382 MOH</subfield>
    <subfield code="p">A01501474</subfield>
    <subfield code="r">2018-05-09 00:00:00</subfield>
    <subfield code="y">B</subfield>
  </datafield>
  <datafield tag="952" ind1=" " ind2=" ">
    <subfield code="0">0</subfield>
    <subfield code="7">0</subfield>
    <subfield code="b">SK</subfield>
    <subfield code="c">G</subfield>
    <subfield code="d">2016-12-05</subfield>
    <subfield code="o">297.382 MOH</subfield>
    <subfield code="p">A01501476</subfield>
    <subfield code="r">2018-05-09 00:00:00</subfield>
    <subfield code="y">B</subfield>
  </datafield>
  <datafield tag="952" ind1=" " ind2=" ">
    <subfield code="0">0</subfield>
    <subfield code="7">0</subfield>
    <subfield code="b">MR</subfield>
    <subfield code="c">G</subfield>
    <subfield code="d">2016-12-05</subfield>
    <subfield code="l">1</subfield>
    <subfield code="o">297.382 MOH</subfield>
    <subfield code="p">A01501477</subfield>
    <subfield code="r">2023-08-19 14:18:12</subfield>
    <subfield code="s">2023-07-24</subfield>
    <subfield code="y">B</subfield>
  </datafield>
  <datafield tag="952" ind1=" " ind2=" ">
    <subfield code="0">0</subfield>
    <subfield code="7">0</subfield>
    <subfield code="b">B3</subfield>
    <subfield code="c">G</subfield>
    <subfield code="d">2016-12-05</subfield>
    <subfield code="o">297.382 MOH</subfield>
    <subfield code="p">A01501479</subfield>
    <subfield code="r">2018-05-09 00:00:00</subfield>
    <subfield code="y">B</subfield>
  </datafield>
  <datafield tag="952" ind1=" " ind2=" ">
    <subfield code="0">0</subfield>
    <subfield code="7">0</subfield>
    <subfield code="b">B4</subfield>
    <subfield code="c">G</subfield>
    <subfield code="d">2016-12-05</subfield>
    <subfield code="o">297.382 MOH</subfield>
    <subfield code="p">A01501480</subfield>
    <subfield code="r">2018-05-09 00:00:00</subfield>
    <subfield code="y">B</subfield>
  </datafield>
  <datafield tag="952" ind1=" " ind2=" ">
    <subfield code="0">0</subfield>
    <subfield code="7">0</subfield>
    <subfield code="b">B5</subfield>
    <subfield code="c">G</subfield>
    <subfield code="d">2016-12-05</subfield>
    <subfield code="o">297.382 MOH</subfield>
    <subfield code="p">A01501481</subfield>
    <subfield code="r">2018-05-09 00:00:00</subfield>
    <subfield code="y">B</subfield>
  </datafield>
  <datafield tag="952" ind1=" " ind2=" ">
    <subfield code="0">0</subfield>
    <subfield code="7">0</subfield>
    <subfield code="b">PD5</subfield>
    <subfield code="c">G</subfield>
    <subfield code="d">2016-12-05</subfield>
    <subfield code="l">0</subfield>
    <subfield code="o">297.382 MOH</subfield>
    <subfield code="p">A01501482</subfield>
    <subfield code="r">2018-05-09 00:00:00</subfield>
    <subfield code="y">B</subfield>
  </datafield>
  <datafield tag="952" ind1=" " ind2=" ">
    <subfield code="0">0</subfield>
    <subfield code="7">0</subfield>
    <subfield code="b">PD37</subfield>
    <subfield code="c">G</subfield>
    <subfield code="d">2016-12-05</subfield>
    <subfield code="o">297.382 MOH</subfield>
    <subfield code="p">A01501483</subfield>
    <subfield code="r">2018-05-09 00:00:00</subfield>
    <subfield code="y">B</subfield>
  </datafield>
  <datafield tag="952" ind1=" " ind2=" ">
    <subfield code="0">0</subfield>
    <subfield code="7">0</subfield>
    <subfield code="b">PD15</subfield>
    <subfield code="c">G</subfield>
    <subfield code="d">2016-12-05</subfield>
    <subfield code="l">1</subfield>
    <subfield code="o">297.382 MOH</subfield>
    <subfield code="p">A01501485</subfield>
    <subfield code="r">2023-01-12 00:00:00</subfield>
    <subfield code="s">2023-01-03</subfield>
    <subfield code="y">B</subfield>
  </datafield>
  <datafield tag="952" ind1=" " ind2=" ">
    <subfield code="0">0</subfield>
    <subfield code="7">0</subfield>
    <subfield code="b">PD21</subfield>
    <subfield code="c">G</subfield>
    <subfield code="d">2016-12-05</subfield>
    <subfield code="o">297.382 MOH</subfield>
    <subfield code="p">A01501486</subfield>
    <subfield code="r">2018-05-09 00:00:00</subfield>
    <subfield code="y">B</subfield>
  </datafield>
  <datafield tag="952" ind1=" " ind2=" ">
    <subfield code="0">0</subfield>
    <subfield code="7">0</subfield>
    <subfield code="b">PD36</subfield>
    <subfield code="c">G</subfield>
    <subfield code="d">2016-12-05</subfield>
    <subfield code="l">0</subfield>
    <subfield code="o">297.382 MOH</subfield>
    <subfield code="p">A01501487</subfield>
    <subfield code="r">2018-05-09 00:00:00</subfield>
    <subfield code="y">B</subfield>
  </datafield>
  <datafield tag="952" ind1=" " ind2=" ">
    <subfield code="0">0</subfield>
    <subfield code="7">0</subfield>
    <subfield code="b">PD6</subfield>
    <subfield code="c">G</subfield>
    <subfield code="d">2016-12-05</subfield>
    <subfield code="o">297.382 MOH</subfield>
    <subfield code="p">A01501488</subfield>
    <subfield code="r">2018-05-09 00:00:00</subfield>
    <subfield code="y">B</subfield>
  </datafield>
  <datafield tag="952" ind1=" " ind2=" ">
    <subfield code="0">0</subfield>
    <subfield code="7">0</subfield>
    <subfield code="b">PD13</subfield>
    <subfield code="c">G</subfield>
    <subfield code="d">2016-12-05</subfield>
    <subfield code="o">297.382 MOH</subfield>
    <subfield code="p">A01501489</subfield>
    <subfield code="r">2018-05-09 00:00:00</subfield>
    <subfield code="y">B</subfield>
  </datafield>
  <datafield tag="952" ind1=" " ind2=" ">
    <subfield code="0">0</subfield>
    <subfield code="7">0</subfield>
    <subfield code="b">PD28</subfield>
    <subfield code="c">G</subfield>
    <subfield code="d">2016-12-05</subfield>
    <subfield code="o">297.382 MOH</subfield>
    <subfield code="p">A01501490</subfield>
    <subfield code="r">2018-05-09 00:00:00</subfield>
    <subfield code="y">B</subfield>
  </datafield>
  <datafield tag="952" ind1=" " ind2=" ">
    <subfield code="0">0</subfield>
    <subfield code="7">0</subfield>
    <subfield code="b">PD25</subfield>
    <subfield code="c">G</subfield>
    <subfield code="d">2016-12-05</subfield>
    <subfield code="o">297.382 MOH</subfield>
    <subfield code="p">A01501491</subfield>
    <subfield code="r">2018-05-09 00:00:00</subfield>
    <subfield code="y">B</subfield>
  </datafield>
  <datafield tag="952" ind1=" " ind2=" ">
    <subfield code="0">0</subfield>
    <subfield code="7">0</subfield>
    <subfield code="b">PD7</subfield>
    <subfield code="c">G</subfield>
    <subfield code="d">2016-12-05</subfield>
    <subfield code="l">0</subfield>
    <subfield code="o">297.382 MOH</subfield>
    <subfield code="p">A01501492</subfield>
    <subfield code="r">2018-05-09 00:00:00</subfield>
    <subfield code="y">B</subfield>
  </datafield>
  <datafield tag="952" ind1=" " ind2=" ">
    <subfield code="0">0</subfield>
    <subfield code="7">0</subfield>
    <subfield code="b">PD11</subfield>
    <subfield code="c">G</subfield>
    <subfield code="d">2016-12-05</subfield>
    <subfield code="l">0</subfield>
    <subfield code="o">297.382 MOH</subfield>
    <subfield code="p">A01501493</subfield>
    <subfield code="r">2018-05-09 00:00:00</subfield>
    <subfield code="y">B</subfield>
  </datafield>
  <datafield tag="952" ind1=" " ind2=" ">
    <subfield code="0">0</subfield>
    <subfield code="7">0</subfield>
    <subfield code="b">PD39</subfield>
    <subfield code="c">G</subfield>
    <subfield code="d">2016-12-05</subfield>
    <subfield code="o">297.382 MOH</subfield>
    <subfield code="p">A01501494</subfield>
    <subfield code="r">2018-05-09 00:00:00</subfield>
    <subfield code="y">B</subfield>
  </datafield>
  <datafield tag="952" ind1=" " ind2=" ">
    <subfield code="0">0</subfield>
    <subfield code="7">0</subfield>
    <subfield code="b">PD30</subfield>
    <subfield code="c">G</subfield>
    <subfield code="d">2016-12-05</subfield>
    <subfield code="l">0</subfield>
    <subfield code="o">297.382 MOH</subfield>
    <subfield code="p">A01501496</subfield>
    <subfield code="r">2018-05-09 00:00:00</subfield>
    <subfield code="y">B</subfield>
  </datafield>
  <datafield tag="952" ind1=" " ind2=" ">
    <subfield code="0">0</subfield>
    <subfield code="7">0</subfield>
    <subfield code="b">PD8</subfield>
    <subfield code="c">G</subfield>
    <subfield code="d">2016-12-05</subfield>
    <subfield code="l">0</subfield>
    <subfield code="o">297.382 MOH</subfield>
    <subfield code="p">A01501497</subfield>
    <subfield code="r">2018-05-09 00:00:00</subfield>
    <subfield code="y">B</subfield>
  </datafield>
</record>
